Online
Catalog

De oficio pintor : (Record no. 29653)

MARC details
000 -CABECERA
campo de control de longitud fija 00594nam a2200193 a 4500
001 - NÚMERO DE CONTROL
campo de control 000030161
005 - FECHA Y HORA DE LA ÚLTIMA TRANSACCIÓN
campo de control 20200930060108.0
008 - DATOS DE LONGITUD FIJA--INFORMACIÓN GENERAL
campo de control de longitud fija 110503s2007 dr af 000 0 spa d
020 ## - NÚMERO INTERNACIONAL ESTÁNDAR DEL LIBRO
Número Internacional Estándar del Libro 9789945859645
040 ## - FUENTE DE LA CATALOGACIÓN
Centro catalogador/agencia de origen DO-SdBNP
Lengua de catalogación spa
Centro/agencia transcriptor BNPHU
082 ## - NÚMERO DE LA CLASIFICACIÓN DECIMAL DEWEY
Número de clasificación xxx
Número de documento/Ítem O32p
049 ## - FONDOS LOCALES (OCLC)
Fondos de biblioteca BNPD
245 00 - MENCIÓN DE TÍTULO
Título De oficio pintor :
Resto del título arte colonial venezolano.
260 ## - PUBLICACIÓN, DISTRIBUCIÓN, ETC.
Lugar de publicación, distribución, etc. Santiago de los Caballeros :
Nombre del editor, distribuidor, etc. Centro León,
Fecha de publicación, distribución, etc. 2007.
300 ## - DESCRIPCIÓN FÍSICA
Extensión 124 p. :
Otras características físicas il. ; lám. ;
Dimensiones 28 cm.
490 1# - MENCIÓN DE SERIE
Mención de serie Patricia Phelps de Cisneros
500 ## - NOTA GENERAL
Nota general Incluye notas al pie de páginas
830 #0 - PUNTO DE ACCESO ADICIONAL DE SERIE-TÍTULO UNIFORME
Título uniforme Patricia Phelps de Cisneros
9 (RLIN) 56876
Holdings
Estado de retiro Estado de pérdida No para préstamo Código de colección Localización permanente Ubicación/localización actual Ubicación en estantería Fecha de adquisición Número de inventario Total de préstamos Signatura topográfica completa Código de barras Fecha visto por última vez Precio válido a partir de Tipo de ítem Koha
    Excluido de préstamo Patrimonio Dominicano Patrimonio Dominicano Patrimonio Dominicano En catalogación 03.05.2011 LF1   xxx O32p 30161-10 25.06.2020 25.06.2020 Libro y Folleto Colección Patrimonio Dominicano

Powered by Koha